000 01655nam0a22003131 4500
001 v19\rc\1527948
005 20260405155855.0
035 _a(NLR Aleph) 005234264
090 _a5637668
_c5637668
100 _a20060620e18871887|||y0rusy50 ca
101 1 _arus
_cger
102 _aRU
105 _ay z |||||
200 1 _aКраткий обзор истории и теории банков
_eС прил. "Учения о биржевых операциях"
_fПер. с нем. студента С. Окновского
_gПод ред. [и с предисл.] прив.-доц. Демидов. юрид. лицея В. Левитского
_gА. Бишоф
210 _aЯрославль
_cтипо-лит. Г. Фальк
_d1887
215 _aIV, 105, III с.
_d24
311 _aОтт. из Временника Демидовск. юрид. лицея, кн. 43, 44
464 0 _12001#$aУчение о биржевых операциях
_tУчение о биржевых операциях
488 0 _12001#$aВременник Демидовского юридического лицея$vКн. 43, 44
_tВременник Демидовского юридического лицея
700 1 _aБишоф
_bА.
_gАлоиз
702 1 _aОкновский
_bС.
_4730
702 1 _4340
_4080
_8rus
_7ca
_aЛевитский
_bВ. Ф.
_f1854-1939
_gВладимир Фавстович
_3RU\NLR\AUTH\7766608
_949536
801 2 _aRU
_bNLR
_c20081024
_2rusmarc
801 0 _aRU
_bNLR
_c20060620
_gpsbo
801 0 _aRU
_bRuMoRGB
_c20060620
_2psbo
801 1 _aRU
_bProSoft-M
_c20060620
_2rusmarc
852 _aNLR
_j18.280.2.315
942 _cBOOK
980 _aNB